000 00825nam a22001935i 4500
001 160560
003 ES-MaACL
005 20250727024454.0
008 981002s1874 sp |||| | spa d
040 _aCLM
_bspa
_cCCPB | 3D
100 1 _aNavarro e Izquierdo, Luciano.
_9130408
245 1 0 _aDiscurso leido en la Universidad Literaria de Salamanca en la solemne apertura del curso de 1874 a 1875
_b: [tema: la antropología] /
_cpor Luciano Navarro Izquierdo.
260 _aSalamanca :
_b[s.n.],
_c1874 (
_fImp. de Sebastián Cerezo)
300 _a40 p. ;
_c31 cm.
650 7 _aAntropología física
_2embne
_99893
710 2 1 _aUniversidad Literaria de Salamanca.
_97390
852 _aES-MaACL
_jT-169-F-13
_z-- Enc. hol.
_q-- Falto de la cub. original
_z-- Enc. en un vol. facticio
999 _c160560
_d160560